| 000 | 00762nam a22001817a 4500 | ||
|---|---|---|---|
| 005 | 20260209161131.0 | ||
| 008 | 260209b |||||||| |||| 00| 0 eng d | ||
| 020 | _a9789353509019 | ||
| 040 | _cVITAP | ||
| 082 |
_223rd Ed. _a658.4063 AGA |
||
| 100 |
_aAgarwal, Anuja _917047 |
||
| 245 |
_aDesign Thinking _b: A Framework for Applying Design Thinking in Problem Solving _c/ Anuja Agarwal |
||
| 260 |
_aNew Delhi _bCengage Learning India Pvt. Ltd. _c2025 |
||
| 300 | _axvi, Chap. (1.1-11.14), (B.1-B.3), (I.1-I.6), (R.1-R.2)p. : ill. ; 24cm | ||
| 500 | _aIt includes Index Pages. | ||
| 650 | 0 |
_aDecision making - Psychological aspects; Management information systems - Design thinking applications; Business planning - Decision making _917048 |
|
| 942 |
_2ddc _cBK |
||
| 999 |
_c47257 _d47257 |
||